000 00573nam a22001937a 4500
005 20251108165829.0
008 250721s1992 xx 000 0 ara d
082 1 4 _a320.10956/أيو
100 1 _aالأيوبي، نزيه نصيف
245 1 0 _aالعرب و مشكلة الدولة /
264 1 _aبيروت :
_bدار الساقي،
_c1992.
300 _a158ص
490 0 _aبحوث إجتماعية ؛10
650 1 7 _aالدولة
650 1 7 _aالعلوم السياسية
650 1 7 _aالبلدان العربية
942 _2ddc
_cBK
999 _c32382
_d32382